000 00852nam a2200217 i 4500
001 151417
003 ES-MaACL
005 20250826065253.0
008 931025s1894 sp |||| | spa d
100 1 _aAller, Domingo Enrique.
_920026
245 1 3 _aEl Estado y las clases obreras... /
_cpor Domingo Enrique Aller.
260 _aMadrid :
_b[s.n.],
_c1894 (
_fImp. y Lit. de los Huérfanos)
300 _a198 p. ;
_c26 cm.
500 1 _aMemoria premiada por accésit por la Real Academia de Ciencias Morales y Políticas en el concurso ordinario de 1892.
650 0 7 _aDerecho
_2embne
_911602
650 0 7 _aTrabajo
_2embne
_917590
752 _aEspaña -
_dMadrid
852 _aES-MaACL
_jF-M-III-O (VIII)
_z-- Enc. pasta española
_q-- Falto de la cub. original
_z-- Enc en un vol. facticio
942 _2udc
999 _c151417
_d151417